| 000 | 01838nam0a2200325 4500 | ||
|---|---|---|---|
| 001 | RU\NLR\BIBL_A\022708877 | ||
| 005 | 20260324093135.0 | ||
| 010 |
_a978-5-7444-5902-4 _9300 |
||
| 021 |
_aRU _bКН-П-25-074384 _9КН-П-25-7215 |
||
| 035 | _a(NLR Aleph) 022708877 | ||
| 090 |
_a13643688 _c13643688 |
||
| 100 | _a20260126d2025 u y0rusy50 ca | ||
| 101 | 0 | _arus | |
| 102 | _aRU | ||
| 105 | _aab j 000yy | ||
| 181 | 0 |
_ai _baxxe |
|
| 182 | 0 | _an | |
| 200 | 1 |
_aМорские беспозвоночные юга Приморского края _eучебное пособие по летней практике студентов _fЮ. А. Галышева _gнаучный редактор: доктор биологических наук, профессор Н. К. Христофоров _gМинистерство науки и высшего образования Российской Федерации, Дальневосточный федеральный университет, Институт Мирового океана |
|
| 203 |
_aТекст _bвизуальный _cнепосредственный |
||
| 205 | _aИзд. 2-е, доп. и перераб. | ||
| 210 |
_aВладивосток _cИзд-во ДВФУ _d2025 |
||
| 215 |
_a188 с. _cил., цв. ил., карты _d21 |
||
| 320 | _aБиблиогр.: с. 188 и в тексте | ||
| 606 | 1 |
_aМорские беспозвоночные _yПриморский край _jУчебные издания для высших учебных заведений _2nlr_sh2 _3RU\NLR\AUTH\6601693474 |
|
| 686 | 1 | _aЕ691/692(2Р55-4Пр)я731 | |
| 700 | 1 |
_aГалышева _bЮ. А. _cканд. биол. наук _gЮлия Александровна _3RU\NLR\AUTH\770216945 |
|
| 942 | _cBOOK | ||
| 980 | _aNB | ||